[Event "Titled Tuesday intern op 21st Dec"]
[Site "Chess.com INT"]
[Date "2021.12.21"]
[Round "11"]
[White "Krivonosov, Oleg"]
[Black "Kucuksari, Kaan"]
[Result "1-0"]
[WhiteElo "2362"]
[BlackElo "2337"]
[PlyCount "103"]
[EventDate "2021.12.21"]
[EventType "swiss (blitz)"]
[EventRounds "11"]
[EventCountry "USA"]
[SourceTitle "CBM 205 Extra"]
[Source "ChessBase"]
[SourceDate "2022.01.31"]
[SourceVersion "1"]
[SourceVersionDate "2022.01.31"]
[SourceQuality "1"]

1. Nf3 Nf6 2. c4 b6 3. g3 Bb7 4. Bg2 e6 5. O-O Be7 6. Nc3 O-O 7. d4 Ne4 8. Nxe4 Bxe4 9. Nh4 Bxg2 10. Nxg2 d5 11. Qa4 Qd7 12. Qxd7 Nxd7 13. cxd5 exd5 14. Rd1 Bd6 15. Bf4 Bxf4 16. Nxf4 c6 17. Rac1 Rac8 18. e3 Nf6 19. Rc2 g5 20. Nd3 Rfe8 21. Rdc1 Re6 22. Nb4 c5 23. dxc5 bxc5 24. Rxc5 Rxc5 25. Rxc5 Rb6 26. Nxd5 Nxd5 27. Rxd5 h6 28. Ra5 a6 29. b4 Kg7 30. a3 Rc6 31. Kg2 Kg6 32. g4 f6 33. Kg3 Rb6 34. h4 h5 35. gxh5+ Kxh5 36. hxg5 fxg5 37. f4 Kg6 38. Rxg5+ Kf6 39. Ra5 Rc6 40. e4 Rc1 41. Rxa6+ Kf7 42. Kg4 Rh1 43. e5 Rh2 44. b5 Rb2 45. a4 Rh2 46. Ra8 Rb2 47. Kf5 Rh2 48. b6 Rh5+ 49. Ke4 Ke6 50. b7 Rh7 51. b8=Q Rb7 52. Ra6+ 1-0

[Event "Titled Tuesday intern op 21st Dec"]
[Site "Chess.com INT"]
[Date "2021.12.21"]
[Round "11"]
[White "Levkov, Daniel"]
[Black "Altucher, James"]
[Result "1-0"]
[WhiteElo "1974"]
[BlackElo "1839"]
[PlyCount "135"]
[EventDate "2021.12.21"]
[EventType "swiss (blitz)"]
[EventRounds "11"]
[EventCountry "USA"]
[SourceTitle "CBM 205 Extra"]
[Source "ChessBase"]
[SourceDate "2022.01.31"]
[SourceVersion "1"]
[SourceVersionDate "2022.01.31"]
[SourceQuality "1"]

1. e4 d6 2. b3 g6 3. Bb2 Nf6 4. Nc3 Bg7 5. Nd5 e6 6. Nxf6+ Bxf6 7. Bxf6 Qxf6 8. d4 O-O 9. Bd3 Nc6 10. c3 Bd7 11. h4 h5 12. g4 hxg4 13. Qxg4 Rad8 14. h5 e5 15. Qg2 g5 16. d5 Ne7 17. O-O-O Kh8 18. Be2 g4 19. Kb2 Rg8 20. Rd3 a5 21. Rg3 Qf4 22. Kc2 a4 23. Bd1 axb3+ 24. axb3 f5 25. Ne2 Qxe4+ 26. Qxe4 fxe4 27. c4 Bf5 28. Kc3 c6 29. dxc6 Nxc6 30. Kb2 Rdf8 31. Nc3 Nd4 32. Rhg1 Nf3 33. R1g2 Ne1 34. Rg1 Nd3+ 35. Kc2 Nf4 36. Bxg4 Bxg4 37. Rxg4 Rxg4 38. Rxg4 Nd3 39. Nxe4 Nxf2 40. Nxf2 Rxf2+ 41. Kc3 Rf5 42. Rg6 Rxh5 43. Rxd6 Rh7 44. Re6 Rh5 45. Re7 b6 46. Re6 Kg7 47. Rxb6 Rh3+ 48. Kb4 Kf7 49. Kc5 e4 50. b4 e3 51. Ra6 e2 52. Ra1 Ke6 53. Re1 Re3 54. Kd4 Rb3 55. Rxe2+ Kd6 56. b5 Rb4 57. Rh2 Rb1 58. Rh6+ Kc7 59. Kc5 Rg1 60. Rh7+ Kc8 61. Kb4 Rb1+ 62. Ka5 Rc1 63. Kb4 Rb1+ 64. Kc5 Rg1 65. b6 Rg5+ 66. Kc6 Rg6+ 67. Kb5 Rg1 68. c5 1-0

[Event "Titled Tuesday intern op 21st Dec"]
[Site "Chess.com INT"]
[Date "2021.12.21"]
[Round "11"]
[White "Novikova, Galina"]
[Black "Pinheiro, Iung Alicio"]
[Result "0-1"]
[WhiteElo "2073"]
[BlackElo "2320"]
[PlyCount "88"]
[EventDate "2021.12.21"]
[EventType "swiss (blitz)"]
[EventRounds "11"]
[EventCountry "USA"]
[SourceTitle "CBM 205 Extra"]
[Source "ChessBase"]
[SourceDate "2022.01.31"]
[SourceVersion "1"]
[SourceVersionDate "2022.01.31"]
[SourceQuality "1"]

1. e4 d6 2. d4 Nf6 3. Nc3 g6 4. f3 a6 5. Be3 b5 6. Qd2 Nbd7 7. O-O-O Bb7 8. g4 h6 9. h4 Bg7 10. Nh3 Nb6 11. g5 hxg5 12. hxg5 Nfd7 13. b3 c5 14. Bg2 b4 15. Ne2 Rc8 16. f4 Qc7 17. Nf2 Rxh1 18. Rxh1 cxd4 19. Nxd4 Nc5 20. Rh7 Kf8 21. f5 d5 22. fxg6 fxg6 23. Bh3 Kg8 24. Rxg7+ Kxg7 25. Bxc8 Qxc8 26. Qxb4 Nbd7 27. Ne6+ Nxe6 28. Qxe7+ Kh8 29. Qxe6 Qc3 30. Qxd7 Qxe3+ 31. Kb1 Qxf2 32. Qxb7 Qg1+ 33. Kb2 Qd4+ 34. Ka3 dxe4 35. Qxa6 e3 36. Qxg6 Qc5+ 37. Kb2 Qe5+ 38. Ka3 e2 39. Qh6+ Kg8 40. g6 Qe7+ 41. Kb2 e1=Q 42. Qh3 Q7e5+ 43. c3 Qd2+ 44. Ka3 Qa5# 0-1

[Event "Titled Tuesday intern op 21st Dec"]
[Site "Chess.com INT"]
[Date "2021.12.21"]
[Round "11"]
[White "Okike, David"]
[Black "Faizrakhmanov, Ramil"]
[Result "1/2-1/2"]
[WhiteElo "2167"]
[BlackElo "2480"]
[PlyCount "148"]
[EventDate "2021.12.21"]
[EventType "swiss (blitz)"]
[EventRounds "11"]
[EventCountry "USA"]
[SourceTitle "CBM 205 Extra"]
[Source "ChessBase"]
[SourceDate "2022.01.31"]
[SourceVersion "1"]
[SourceVersionDate "2022.01.31"]
[SourceQuality "1"]

1. e4 c5 2. Nf3 d6 3. d4 cxd4 4. Nxd4 Nf6 5. Nc3 a6 6. Bg5 Nbd7 7. f3 g6 8. Qd2 Bg7 9. Bh6 O-O 10. h4 Qb6 11. Nb3 Nh5 12. Bxg7 Kxg7 13. O-O-O a5 14. Nd5 Qd8 15. g4 Ng3 16. Rh3 Nxf1 17. Rxf1 e6 18. Nc3 a4 19. Nd4 h6 20. Ndb5 Ra6 21. Nxd6 Ne5 22. Ndb5 Qxd2+ 23. Kxd2 Nc4+ 24. Kc1 Bd7 25. Rd1 Bxb5 26. Nxb5 Rc8 27. f4 Rb6 28. Nc3 Nxb2 29. Rd4 a3 30. Nb1 Rc4 31. Rxc4 Nxc4 32. Nxa3 Nxa3 33. Rxa3 Rb4 34. Re3 f5 35. gxf5 gxf5 36. exf5 exf5 37. Rf3 Kg6 38. a3 Ra4 39. Kb2 Kh5 40. Kb3 b5 41. Rf1 Kxh4 42. Rh1+ Kg4 43. Rxh6 Kxf4 44. Rb6 Ra5 45. Kb4 Ra4+ 46. Kb3 Ra5 47. Kb4 Ra4+ 48. Kxb5 Rxa3 49. c4 Ke5 50. Kc5 f4 51. Rb8 f3 52. Rf8 Ke4 53. Kc6 Ra6+ 54. Kb5 Re6 55. c5 Re5 56. Kb6 Rf5 57. Rxf5 Kxf5 58. c6 f2 59. c7 f1=Q 60. c8=Q+ Ke5 61. Qe8+ Kd4 62. Qd7+ Kc3 63. Qc6+ Kb4 64. Qe4+ Kb3 65. Qe3+ Kb4 66. Qc5+ Kb3 67. Qd5+ Qc4 68. Qd1+ Qc2 69. Qf3+ Kb2 70. Qf6+ Qc3 71. Qf2+ Qc2 72. Qd4+ Qc3 73. Qf2+ Qc2 74. Qxc2+ Kxc2 1/2-1/2

[Event "Titled Tuesday intern op 21st Dec"]
[Site "Chess.com INT"]
[Date "2021.12.21"]
[Round "11"]
[White "Osmak, Iulija"]
[Black "Buksa, Nataliya"]
[Result "0-1"]
[WhiteElo "2419"]
[BlackElo "2401"]
[PlyCount "82"]
[EventDate "2021.12.21"]
[EventType "swiss (blitz)"]
[EventRounds "11"]
[EventCountry "USA"]
[SourceTitle "CBM 205 Extra"]
[Source "ChessBase"]
[SourceDate "2022.01.31"]
[SourceVersion "1"]
[SourceVersionDate "2022.01.31"]
[SourceQuality "1"]

1. b4 e6 2. Bb2 Nf6 3. b5 d5 4. e3 Be7 5. Nf3 O-O 6. c4 a6 7. a4 axb5 8. axb5 Rxa1 9. Bxa1 c6 10. Nc3 dxc4 11. Bxc4 cxb5 12. Bxb5 Bd7 13. Qb3 Qb6 14. O-O Na6 15. Rb1 Bc6 16. Bxc6 Qxb3 17. Rxb3 bxc6 18. Rb7 Bd6 19. d4 h6 20. e4 Rb8 21. Ra7 Rb6 22. Nd2 Bb8 23. Ra8 Nc7 24. Ra2 Rb4 25. Rb2 Na6 26. Rxb4 Nxb4 27. Bb2 Nd3 28. Ba3 Ba7 29. Ne2 e5 30. dxe5 Nd7 31. Kf1 Nxf2 32. Bd6 Ng4 33. Nc4 Nxh2+ 34. Ke1 Ng4 35. Kd2 g6 36. Kd3 h5 37. Nc3 Bg1 38. Ke2 Bd4 39. Kd3 Bxe5 40. Nxe5 Ngxe5+ 41. Kd4 Ng4 0-1

[Event "Titled Tuesday intern op 21st Dec"]
[Site "Chess.com INT"]
[Date "2021.12.21"]
[Round "11"]
[White "Punin, Andrii"]
[Black "Jarocka, Liwia"]
[Result "1-0"]
[WhiteElo "2289"]
[BlackElo "2006"]
[PlyCount "137"]
[EventDate "2021.12.21"]
[EventType "swiss (blitz)"]
[EventRounds "11"]
[EventCountry "USA"]
[SourceTitle "CBM 205 Extra"]
[Source "ChessBase"]
[SourceDate "2022.01.31"]
[SourceVersion "1"]
[SourceVersionDate "2022.01.31"]
[SourceQuality "1"]

1. e4 c5 2. Be2 Nc6 3. f4 g6 4. Nf3 Bg7 5. c3 Nh6 6. d4 cxd4 7. cxd4 d5 8. e5 O-O 9. Be3 Nf5 10. Bf2 h5 11. g3 Qb6 12. Qd2 Nh6 13. Nc3 Rd8 14. Na4 Qc7 15. O-O Bh3 16. Rfc1 Rac8 17. b4 a6 18. Ng5 Bg4 19. Bf1 e6 20. Nc5 Qe7 21. a3 Bf5 22. h3 f6 23. exf6 Bxf6 24. Nf3 Qg7 25. Ne5 Bxe5 26. fxe5 g5 27. Be3 Nf7 28. Be2 g4 29. h4 Rb8 30. Rf1 a5 31. b5 Ne7 32. Bd3 Qg6 33. Bxf5 Nxf5 34. Bf2 b6 35. Nd3 Rdc8 36. Rac1 Qh6 37. Qxh6 N7xh6 38. Rxc8+ Rxc8 39. Rc1 Rxc1+ 40. Nxc1 Nf7 41. Ne2 Nd8 42. Kf1 Kf7 43. Ke1 Nb7 44. Kd2 a4 45. Kc3 Na5 46. Kb4 Nc4 47. Kxa4 Nd2 48. Kb4 Ne4 49. Be1 Ke7 50. a4 Kd7 51. a5 Kc7 52. a6 Ne3 53. Kb3 Ng2 54. Bb4 Ne3 55. Bd6+ Kc8 56. Nf4 Nc4 57. Nxe6 Nxg3 58. Nf4 Nf5 59. Kc3 Ncxd6 60. exd6 Nxd6 61. Kb4 g3 62. Kc3 Nxb5+ 63. Kd3 Nc7 64. Ke3 Nxa6 65. Nxd5 Nb4 66. Nxb4 Kd7 67. Kf3 Kd6 68. Kxg3 b5 69. Kf4 1-0

[Event "Titled Tuesday intern op 21st Dec"]
[Site "Chess.com INT"]
[Date "2021.12.21"]
[Round "11"]
[White "Redzisz, Michal"]
[Black "Bulatova, Kamaliya"]
[Result "0-1"]
[WhiteElo "2261"]
[BlackElo "2139"]
[PlyCount "89"]
[EventDate "2021.12.21"]
[EventType "swiss (blitz)"]
[EventRounds "11"]
[EventCountry "USA"]
[SourceTitle "CBM 205 Extra"]
[Source "ChessBase"]
[SourceDate "2022.01.31"]
[SourceVersion "1"]
[SourceVersionDate "2022.01.31"]
[SourceQuality "1"]

1. c4 Nf6 2. Nc3 g6 3. e4 Bg7 4. g3 d6 5. Bg2 O-O 6. Nge2 e5 7. O-O Nc6 8. d3 Ne8 9. f4 Nd4 10. Be3 c5 11. Nd5 Bg4 12. Bxd4 exd4 13. f5 Nf6 14. Nxf6+ Bxf6 15. h3 Bxe2 16. Qxe2 Be5 17. Qf3 Qg5 18. Kh2 h5 19. Bh1 h4 20. Kg1 Bxg3 21. Bg2 Be5 22. Kh1 Qg3 23. Qxg3 hxg3 24. Bf3 Rab8 25. a4 b6 26. Kg2 a6 27. h4 Kg7 28. h5 Rh8 29. Rh1 gxh5 30. Bxh5 Rh6 31. Rh4 Rbh8 32. Rah1 Bf6 33. R4h3 Be5 34. Rh4 Kf6 35. Kf3 Rb8 36. Bg4 Rxh4 37. Rxh4 b5 38. Rh7 bxc4 39. dxc4 Rb3+ 40. Ke2 Rxb2+ 41. Kd3 Rb3+ 42. Kc2 Rb7 43. Kd3 g2 44. Rh8 g1=Q 45. Ra8 0-1

[Event "Titled Tuesday intern op 21st Dec"]
[Site "Chess.com INT"]
[Date "2021.12.21"]
[Round "11"]
[White "Romanchuk, Viktor"]
[Black "Ristic, Nebojsa M"]
[Result "1-0"]
[WhiteElo "2266"]
[BlackElo "2353"]
[PlyCount "113"]
[EventDate "2021.12.21"]
[EventType "swiss (blitz)"]
[EventRounds "11"]
[EventCountry "USA"]
[SourceTitle "CBM 205 Extra"]
[Source "ChessBase"]
[SourceDate "2022.01.31"]
[SourceVersion "1"]
[SourceVersionDate "2022.01.31"]
[SourceQuality "1"]

1. d4 Nf6 2. c4 g6 3. Nc3 Bg7 4. Nf3 d6 5. g3 O-O 6. Bg2 Nc6 7. O-O Bf5 8. d5 Na5 9. Nd4 Bd7 10. b3 c5 11. dxc6 Nxc6 12. Bb2 Nxd4 13. Qxd4 Bc6 14. Nd5 Ne8 15. Qd2 Rc8 16. Bxg7 Nxg7 17. e4 Ne6 18. Ne3 b5 19. Rfc1 Qb6 20. cxb5 Qxb5 21. Rc3 Qb7 22. Rac1 Nc5 23. f3 Bd7 24. e5 Ne6 25. exd6 Rxc3 26. Rxc3 exd6 27. Qxd6 Rd8 28. f4 Qb6 29. Qxb6 axb6 30. Nd5 b5 31. b4 Kg7 32. a3 Be8 33. Kf2 Nd4 34. Be4 Nc6 35. Nc7 Ne7 36. Bd3 Nd5 37. Nxd5 Rxd5 38. Ke3 Rd6 39. Rc8 Bd7 40. Rc7 Be8 41. Rc8 Bd7 42. Rd8 Re6+ 43. Kd2 Bc6 44. Rb8 Rd6 45. Kc3 Rd5 46. Be4 Rd6 47. Bxc6 Rxc6+ 48. Kb3 Re6 49. Rxb5 Re2 50. a4 Rxh2 51. a5 Rh3 52. a6 Rxg3+ 53. Kc4 Rg4 54. a7 Rxf4+ 55. Kc5 Rf5+ 56. Kb6 Rf6+ 57. Kb7 1-0

[Event "Titled Tuesday intern op 21st Dec"]
[Site "Chess.com INT"]
[Date "2021.12.21"]
[Round "11"]
[White "Rozhkov, Viacheslav"]
[Black "Csonka, Balazs"]
[Result "1/2-1/2"]
[WhiteElo "2248"]
[BlackElo "2480"]
[PlyCount "38"]
[EventDate "2021.12.21"]
[EventType "swiss (blitz)"]
[EventRounds "11"]
[EventCountry "USA"]
[SourceTitle "CBM 205 Extra"]
[Source "ChessBase"]
[SourceDate "2022.01.31"]
[SourceVersion "1"]
[SourceVersionDate "2022.01.31"]
[SourceQuality "1"]

1. e4 e6 2. d4 d5 3. e5 c5 4. c3 Qb6 5. Nf3 Nc6 6. a3 f6 7. Bd3 fxe5 8. Nxe5 Nxe5 9. dxe5 g6 10. O-O Bg7 11. c4 Ne7 12. cxd5 Nxd5 13. Bc4 O-O 14. Bxd5 exd5 15. Qxd5+ Be6 16. Qe4 Bf5 17. Qd5+ Be6 18. Qe4 Bf5 19. Qd5+ Be6 1/2-1/2

[Event "Titled Tuesday intern op 21st Dec"]
[Site "Chess.com INT"]
[Date "2021.12.21"]
[Round "11"]
[White "Sargsyan, Anna M"]
[Black "Kazancev, Valerij M"]
[Result "1-0"]
[WhiteElo "2368"]
[BlackElo "2313"]
[PlyCount "45"]
[EventDate "2021.12.21"]
[EventType "swiss (blitz)"]
[EventRounds "11"]
[EventCountry "USA"]
[SourceTitle "CBM 205 Extra"]
[Source "ChessBase"]
[SourceDate "2022.01.31"]
[SourceVersion "1"]
[SourceVersionDate "2022.01.31"]
[SourceQuality "1"]

1. d4 Nf6 2. c4 g6 3. g3 Bg7 4. Bg2 O-O 5. Nc3 d6 6. Nf3 Nbd7 7. O-O e5 8. h3 Re8 9. e4 exd4 10. Nxd4 Nc5 11. Re1 a5 12. Qc2 Bd7 13. Be3 Qc8 14. Kh2 h5 15. Rad1 h4 16. g4 Bxg4 17. hxg4 Nxg4+ 18. Kg1 h3 19. Bxh3 Nxe3 20. Rxe3 f5 21. exf5 Rxe3 22. fxe3 Qd8 23. Qg2 1-0

[Event "Titled Tuesday intern op 21st Dec"]
[Site "Chess.com INT"]
[Date "2021.12.21"]
[Round "11"]
[White "Senthil, Maran K"]
[Black "Martin Carmona, Gaston Manuel"]
[Result "1-0"]
[WhiteElo "2220"]
[BlackElo "2362"]
[PlyCount "112"]
[EventDate "2021.12.21"]
[EventType "swiss (blitz)"]
[EventRounds "11"]
[EventCountry "USA"]
[SourceTitle "CBM 205 Extra"]
[Source "ChessBase"]
[SourceDate "2022.01.31"]
[SourceVersion "1"]
[SourceVersionDate "2022.01.31"]
[SourceQuality "1"]

1. d4 Nf6 2. Nf3 g6 3. g3 Bg7 4. Bg2 O-O 5. O-O d6 6. c4 Nc6 7. Nc3 e5 8. dxe5 dxe5 9. Bg5 Be6 10. Nd5 Bxd5 11. Bxf6 Qxf6 12. cxd5 Nd4 13. Nd2 Qa6 14. e3 Nf5 15. Qb3 Nd6 16. Rfc1 Rac8 17. Rc2 f5 18. Rac1 Rf7 19. Bf1 Qb6 20. Nc4 Qxb3 21. axb3 Ne8 22. e4 Bh6 23. Re1 f4 24. Nxe5 Re7 25. Nd3 fxg3 26. hxg3 Nd6 27. f3 Rf8 28. Kg2 Rfe8 29. Rd1 Be3 30. Nc5 Bxc5 31. Rxc5 Kg7 32. Rdc1 Rc8 33. Kf2 Kf6 34. Bh3 Rf8 35. Rxc7 h5 36. Rxe7 Kxe7 37. Ke3 Kd8 38. Be6 Re8 39. Kd4 Nb5+ 40. Ke5 Nc7 41. f4 Rh8 42. f5 gxf5 43. exf5 h4 44. gxh4 Rxh4 45. d6 Nxe6 46. fxe6 Rh5+ 47. Kf6 Rh6+ 48. Kf5 Rh5+ 49. Kg6 Re5 50. e7+ Kd7 51. Rd1 b5 52. Kf6 Re6+ 53. Kf7 Re2 54. Rd5 Rf2+ 55. Kg6 a6 56. Re5 Kxd6 1-0

[Event "Titled Tuesday intern op 21st Dec"]
[Site "Chess.com INT"]
[Date "2021.12.21"]
[Round "11"]
[White "Seo, Jung Min"]
[Black "Kamsky, Gata"]
[Result "0-1"]
[WhiteElo "2459"]
[BlackElo "2657"]
[PlyCount "56"]
[EventDate "2021.12.21"]
[EventType "swiss (blitz)"]
[EventRounds "11"]
[EventCountry "USA"]
[SourceTitle "CBM 205 Extra"]
[Source "ChessBase"]
[SourceDate "2022.01.31"]
[SourceVersion "1"]
[SourceVersionDate "2022.01.31"]
[SourceQuality "1"]

1. d4 f5 2. g3 Nf6 3. Bg2 g6 4. Nd2 Bg7 5. c3 Nc6 6. e4 fxe4 7. Nxe4 Nxe4 8. Bxe4 d5 9. Bg2 e5 10. dxe5 Nxe5 11. Qxd5 Qe7 12. Be3 Be6 13. Qe4 Bf5 14. Qa4+ c6 15. Qb3 Nd3+ 16. Kf1 Be6 17. Qc2 Bc4 18. Ne2 O-O 19. Kg1 Nxf2 20. Bxf2 Bxe2 21. Re1 Rxf2 22. Kxf2 Rf8+ 23. Bf3 Rxf3+ 24. Kg2 Re3 25. Kf2 Qc5 26. b4 Rf3+ 27. Kxe2 Rf2+ 28. Kd1 Qd5+ 0-1

[Event "Titled Tuesday intern op 21st Dec"]
[Site "Chess.com INT"]
[Date "2021.12.21"]
[Round "11"]
[White "Shahade, Gregory P"]
[Black "Bryakin, Mikhail"]
[Result "0-1"]
[WhiteElo "2476"]
[BlackElo "2502"]
[PlyCount "118"]
[EventDate "2021.12.21"]
[EventType "swiss (blitz)"]
[EventRounds "11"]
[EventCountry "USA"]
[SourceTitle "CBM 205 Extra"]
[Source "ChessBase"]
[SourceDate "2022.01.31"]
[SourceVersion "1"]
[SourceVersionDate "2022.01.31"]
[SourceQuality "1"]

1. e4 d6 2. d4 e5 3. Nf3 Nd7 4. Bc4 Be7 5. dxe5 Nxe5 6. Nxe5 dxe5 7. Qh5 g6 8. Qxe5 Nf6 9. Bh6 Rg8 10. O-O Qd6 11. Qxd6 cxd6 12. Nc3 Be6 13. Bb5+ Kd8 14. Rad1 a6 15. Be2 Kc7 16. Bf4 g5 17. Bg3 Nd7 18. Nd5+ Bxd5 19. Rxd5 f6 20. Rfd1 Ne5 21. Bxe5 fxe5 22. Bg4 Rgf8 23. Bf5 h5 24. Kf1 g4 25. Ke2 b5 26. c4 Kb6 27. c5+ dxc5 28. Rxe5 Bf6 29. Rd6+ Ka5 30. Red5 Bxb2 31. Bg6 Bd4 32. f3 h4 33. Bf5 gxf3+ 34. gxf3 Kb4 35. Kd3 Ka3 36. Be6 Rxf3+ 37. Ke2 Rf2+ 38. Ke1 Rxh2 39. e5 Rf8 40. Rxd4 cxd4 41. Rxd4 Rxa2 42. Bxa2 Kxa2 43. Rxh4 a5 44. e6 Re8 45. Re4 b4 46. Kd2 Kb2 47. e7 b3 48. Kd3 a4 49. Rxa4 Rxe7 50. Ra8 Rd7+ 51. Ke2 Kc2 52. Rc8+ Kb1 53. Rb8 b2 54. Ke3 Rd5 55. Ke2 Kc2 56. Rc8+ Kb3 57. Rb8+ Kc3 58. Rc8+ Kb4 59. Rb8+ Rb5 0-1

[Event "Titled Tuesday intern op 21st Dec"]
[Site "Chess.com INT"]
[Date "2021.12.21"]
[Round "11"]
[White "Shimelkov, Vasiliy"]
[Black "Mirzoev, Azer"]
[Result "1-0"]
[WhiteElo "2159"]
[BlackElo "2420"]
[PlyCount "139"]
[EventDate "2021.12.21"]
[EventType "swiss (blitz)"]
[EventRounds "11"]
[EventCountry "USA"]
[SourceTitle "CBM 205 Extra"]
[Source "ChessBase"]
[SourceDate "2022.01.31"]
[SourceVersion "1"]
[SourceVersionDate "2022.01.31"]
[SourceQuality "1"]

1. d4 d5 2. Nf3 Nf6 3. c4 c6 4. Nc3 dxc4 5. a4 Bf5 6. e3 e6 7. Bxc4 Bb4 8. O-O O-O 9. Qe2 Ne4 10. Bd3 Bxc3 11. bxc3 Nxc3 12. Qc2 Bxd3 13. Qxd3 Nd5 14. Ba3 Re8 15. e4 Ne7 16. Rab1 b6 17. Rfc1 Nd7 18. Bxe7 Rxe7 19. Rxc6 Nf6 20. Rbc1 Rd7 21. Qc2 h6 22. h3 Qf8 23. Qd3 Rad8 24. R6c4 Rb7 25. Ne5 Nd7 26. Nc6 Re8 27. d5 exd5 28. Qxd5 Nf6 29. Qf5 Nh7 30. e5 g6 31. Qf4 Rd7 32. Qg4 Rd2 33. Nd4 h5 34. Qf4 Rd3 35. Rc7 Rd8 36. Nb5 Rd1+ 37. Rxd1 Rxd1+ 38. Kh2 a6 39. Nd6 f6 40. e6 Qxd6 41. Qxd6 Rxd6 42. Rc8+ Kg7 43. e7 Re6 44. e8=Q Rxe8 45. Rxe8 b5 46. axb5 axb5 47. Rb8 g5 48. Rxb5 h4 49. g3 hxg3+ 50. fxg3 Nf8 51. Rb7+ Kg6 52. Kg2 Ne6 53. g4 Nc5 54. Ra7 Nd3 55. Kf3 Ne5+ 56. Ke4 Nc4 57. Ra6 Nd2+ 58. Kd5 Nf3 59. Ke6 Kg7 60. Ke7 Ng1 61. Rxf6 Nxh3 62. Rf5 Kg6 63. Ke6 Nf4+ 64. Ke5 Nd3+ 65. Kd4 Nf4 66. Ke4 Ne6 67. Ra5 Nf4 68. Ra6+ Kg7 69. Kf5 Nh3 70. Ra3 1-0

[Event "Titled Tuesday intern op 21st Dec"]
[Site "Chess.com INT"]
[Date "2021.12.21"]
[Round "11"]
[White "Shuvalova, Polina"]
[Black "Papp, Petra"]
[Result "0-1"]
[WhiteElo "2516"]
[BlackElo "2336"]
[PlyCount "138"]
[EventDate "2021.12.21"]
[EventType "swiss (blitz)"]
[EventRounds "11"]
[EventCountry "USA"]
[SourceTitle "CBM 205 Extra"]
[Source "ChessBase"]
[SourceDate "2022.01.31"]
[SourceVersion "1"]
[SourceVersionDate "2022.01.31"]
[SourceQuality "1"]

1. e4 d6 2. d4 Nf6 3. Nc3 e5 4. dxe5 dxe5 5. Qxd8+ Kxd8 6. Bc4 Be6 7. Bxe6 fxe6 8. f3 Bd6 9. Nh3 Ke7 10. Nf2 Nc6 11. Be3 a6 12. Nb1 b5 13. Nd2 Na5 14. Ke2 c5 15. c4 Nc6 16. Rhc1 Nd4+ 17. Bxd4 exd4 18. Nd3 Nd7 19. f4 e5 20. fxe5 Nxe5 21. Nxe5 Bxe5 22. cxb5 d3+ 23. Kxd3 Bxb2 24. b6 Rhd8+ 25. Kc2 Bxa1 26. Rxa1 Rab8 27. Rb1 Rd4 28. Kc3 Rb4 29. Rxb4 cxb4+ 30. Kxb4 Rxb6+ 31. Kc3 Ke6 32. a4 Rc6+ 33. Kd4 Rc2 34. Kd3 Ra2 35. Nb3 Ke5 36. a5 Ra3 37. Kc4 Ra4+ 38. Kc3 Rxe4 39. Nc5 Re2 40. Nxa6 Kd6 41. Nb4 Rxg2 42. h4 Kc5 43. a6 Kb6 44. Nd5+ Kxa6 45. Kd3 Rg4 46. h5 Rg5 47. Nf4 Kb5 48. Ke4 Kc6 49. Ne6 Rxh5 50. Nxg7 Rg5 51. Ne6 Rg1 52. Kf4 Kd6 53. Ng7 Ke7 54. Nf5+ Kf6 55. Ng3 Kg7 56. Kg4 Kg6 57. Kh4 h6 58. Kh3 Ra1 59. Kh4 Ra4+ 60. Kh3 Ra3 61. Kg4 Rb3 62. Kh4 Rb4+ 63. Kh3 Kg5 64. Ne2 h5 65. Ng1 Rb3+ 66. Kg2 Kg4 67. Kh2 Rb2+ 68. Kh1 Kg3 69. Ne2+ Rxe2 0-1

[Event "Titled Tuesday intern op 21st Dec"]
[Site "Chess.com INT"]
[Date "2021.12.21"]
[Round "11"]
[White "Shyam, Nikil P"]
[Black "Erdogdu, Mert"]
[Result "1-0"]
[WhiteElo "2442"]
[BlackElo "2407"]
[PlyCount "69"]
[EventDate "2021.12.21"]
[EventType "swiss (blitz)"]
[EventRounds "11"]
[EventCountry "USA"]
[SourceTitle "CBM 205 Extra"]
[Source "ChessBase"]
[SourceDate "2022.01.31"]
[SourceVersion "1"]
[SourceVersionDate "2022.01.31"]
[SourceQuality "1"]

1. e4 c5 2. Nc3 d6 3. Bb5+ Bd7 4. Bc4 g6 5. d3 Bg7 6. f4 Nc6 7. a3 e6 8. Nf3 Nge7 9. O-O O-O 10. Ba2 Nd4 11. Kh1 Bc6 12. Ne2 Nxf3 13. Rxf3 Qd7 14. Qe1 d5 15. e5 d4 16. Rh3 Nf5 17. Ng3 Nxg3+ 18. Qxg3 b5 19. Qh4 h5 20. Bd2 Rac8 21. Re1 Ba8 22. f5 exf5 23. e6 Qb7 24. exf7+ Kh7 25. Qg5 Rxf7 26. Bxf7 Qxf7 27. Re7 Qf8 28. Rxa7 Re8 29. Qh6+ Kg8 30. Qxg6 f4 31. Rxh5 Re7 32. Qh7+ Kf7 33. Rf5+ Ke6 34. Rxf8 Rxa7 35. Qg6+ 1-0

[Event "Titled Tuesday intern op 21st Dec"]
[Site "Chess.com INT"]
[Date "2021.12.21"]
[Round "11"]
[White "Sinitsina, Anastassia"]
[Black "Pandey, Srishti"]
[Result "1-0"]
[WhiteElo "2159"]
[BlackElo "2177"]
[PlyCount "113"]
[EventDate "2021.12.21"]
[EventType "swiss (blitz)"]
[EventRounds "11"]
[EventCountry "USA"]
[SourceTitle "CBM 205 Extra"]
[Source "ChessBase"]
[SourceDate "2022.01.31"]
[SourceVersion "1"]
[SourceVersionDate "2022.01.31"]
[SourceQuality "1"]

1. Nf3 Nf6 2. g3 d5 3. Bg2 c6 4. O-O Bf5 5. d3 h6 6. Nfd2 Bh7 7. e4 dxe4 8. dxe4 e5 9. Nc3 Nbd7 10. Qe2 Bc5 11. Nc4 Qe7 12. Be3 O-O 13. Rad1 a5 14. a4 Bxe3 15. Qxe3 Nc5 16. b3 Bg6 17. Nd6 Ne6 18. Ne2 Rfd8 19. Nc4 Nd7 20. Rd2 b5 21. Nb2 Ndc5 22. axb5 cxb5 23. Nc3 Nd4 24. Nd5 Qb7 25. f4 Bxe4 26. Bxe4 Nxe4 27. Qxe4 Qxd5 28. Qxd5 Rxd5 29. Kg2 Rad8 30. Rfd1 b4 31. fxe5 Nxc2 32. Rxd5 Rxd5 33. Rxd5 Ne3+ 34. Kf3 Nxd5 35. Nc4 a4 36. bxa4 b3 37. a5 Nb4 38. Ke3 Kf8 39. Kd2 Ke7 40. Kc3 Na6 41. Kxb3 Ke6 42. Ka4 Kd5 43. Kb5 Nc7+ 44. Kb6 Na8+ 45. Kb7 Kxc4 46. Kxa8 Kb5 47. Kb7 Kxa5 48. Kc6 Kb4 49. Kd7 Kc4 50. Ke7 Kd5 51. Kxf7 Kxe5 52. Kxg7 h5 53. Kg6 h4 54. gxh4 Ke6 55. h5 Ke7 56. Kg7 Ke6 57. h6 1-0

[Event "Titled Tuesday intern op 21st Dec"]
[Site "Chess.com INT"]
[Date "2021.12.21"]
[Round "11"]
[White "Sowa, Ryan"]
[Black "Barria Zuniga, Daniel"]
[Result "1-0"]
[WhiteElo "2067"]
[BlackElo "2341"]
[PlyCount "31"]
[EventDate "2021.12.21"]
[EventType "swiss (blitz)"]
[EventRounds "11"]
[EventCountry "USA"]
[SourceTitle "CBM 205 Extra"]
[Source "ChessBase"]
[SourceDate "2022.01.31"]
[SourceVersion "1"]
[SourceVersionDate "2022.01.31"]
[SourceQuality "1"]

1. Nf3 d5 2. d4 e6 3. c4 Nf6 4. g3 Be7 5. Bg2 O-O 6. Qc2 dxc4 7. Qxc4 a6 8. Bf4 Nd5 9. O-O b5 10. Qc1 Nd7 11. Nc3 Nxf4 12. Qxf4 Bb7 13. Rfd1 Bd6 14. Qe3 c5 15. Ne4 Bd5 16. Nxd6 1-0